000 00730nam a2200277Ia 4500
001 Z_3739
003 CHAP
008 220113s198X xx 000 0 und d
010 _a166820
040 _cCHAP
090 _aFolleto 484
100 _aRoca, Toni
_9140945
245 _aPrograma hens para una mejora zootecnica en cunicultura /
_cpor Toni Roca, José Pastor y Toni Colom
260 _aChapingo, Méx. :
_bUACH. Departamento de Zootecnia,
_c198X
300 _a20 h.
440 _a
500 _a
503 _a
650 _aConejos
_xProducción I. Pastor, José II. Colom, Toni III. t.
_9140946
901 _aFolleto 484
902 _aA
910 _a198X
942 _cc14
942 _cc14
999 _c166820
_d166820